Immortalizing the past : (Record no. 128921)
[ view plain ]
| 000 -LEADER | |
|---|---|
| fixed length control field | 01031cam a22002774a 4500 |
| 001 - CONTROL NUMBER | |
| control field | 14970196 |
| 003 - CONTROL NUMBER IDENTIFIER | |
| control field | ARRUPE |
| 005 - DATE AND TIME OF LATEST TRANSACTION | |
| control field | 20190208121547.0 |
| 008 - FIXED-LENGTH DATA ELEMENTS--GENERAL INFORMATION | |
| fixed length control field | 070817s2007 rh a bc 000 0 eng |
| 010 ## - LIBRARY OF CONGRESS CONTROL NUMBER | |
| LC control number | 2007381041 |
| 020 ## - INTERNATIONAL STANDARD BOOK NUMBER | |
| International Standard Book Number | 9781779220653 |
| 040 ## - CATALOGING SOURCE | |
| Original cataloging agency | DLC |
| Transcribing agency | DLC |
| 042 ## - AUTHENTICATION CODE | |
| Authentication code | lcode |
| 043 ## - GEOGRAPHIC AREA CODE | |
| Geographic area code | f-rh--- |
| 050 00 - LIBRARY OF CONGRESS CALL NUMBER | |
| Classification number | SPC. GN865.Z55 |
| Item number | C75 2007 |
| 300 ## - PHYSICAL DESCRIPTION | |
| Other physical details | chiefly col. ill. ; |
| Dimensions | 22 cm. |
| 100 1# - MAIN ENTRY--PERSONAL NAME | |
| Personal name | Cripps, Lionel, |
| Dates associated with a name | 1863-1950. |
| 9 (RLIN) | 44449 |
| 245 10 - TITLE STATEMENT | |
| Title | Immortalizing the past : |
| Remainder of title | reproductions of Zimbabwean rock art by Lionel Cripps / |
| Statement of responsibility, etc | compiled and introduced by Ancila Nhamo. |
| 260 ## - PUBLICATION, DISTRIBUTION, ETC. (IMPRINT) | |
| Place of publication, distribution, etc | Harare : |
| Name of publisher, distributor, etc | Weaver Press, |
| Date of publication, distribution, etc | 2007. |
| 300 ## - PHYSICAL DESCRIPTION | |
| Extent | v, 179 p. : |
| 504 ## - BIBLIOGRAPHY, ETC. NOTE | |
| Bibliography, etc | Includes bibliographical references (p. 179). |
| 600 10 - SUBJECT ADDED ENTRY--PERSONAL NAME | |
| Personal name | Cripps, Lionel, |
| Dates associated with a name | 1863-1950 |
| Form subdivision | Catalogs. |
| 9 (RLIN) | 44450 |
| 650 #0 - SUBJECT ADDED ENTRY--TOPICAL TERM | |
| Topical term or geographic name as entry element | Rock paintings |
| Geographic subdivision | Zimbabwe |
| General subdivision | Copying. |
| 9 (RLIN) | 44451 |
| 700 1# - ADDED ENTRY--PERSONAL NAME | |
| Personal name | Nhamo, Ancila. |
| 9 (RLIN) | 14785 |
| Relator term | ed. |
| 906 ## - LOCAL DATA ELEMENT F, LDF (RLIN) | |
| a | 7 |
| b | cbc |
| c | origode |
| d | 3 |
| e | ncip |
| f | 20 |
| g | y-gencatlg |
| 942 ## - ADDED ENTRY ELEMENTS (KOHA) | |
| Source of classification or shelving scheme | Library of Congress Classification |
| Koha item type | SPC |
| Withdrawn status | Lost status | Source of classification or shelving scheme | Damaged status | Not for loan | Collection code | Home library | Current library | Shelving location | Date acquired | Total Checkouts | Full call number | Barcode | Date last seen | Price effective from | Koha item type |
|---|---|---|---|---|---|---|---|---|---|---|---|---|---|---|---|
| Library of Congress Classification | SPECIAL Collection | ARRUPE LIBRARY | ARRUPE LIBRARY | REFERENCE | 06/02/2019 | SPC. GN865.Z55 C75 2007 | 46600003651 | 06/02/2019 | 06/02/2019 | SPC | |||||
| Library of Congress Classification | SPECIAL Collection | ARRUPE LIBRARY | ARRUPE LIBRARY | REFERENCE | 06/02/2019 | SPC. GN865.Z55 C75 2007 | 46600003652 | 06/02/2019 | 06/02/2019 | SPC |